Political Ideologies Quiz - Statistics

General Stats
  • This quiz has been taken 1,310 times
    1,223 since last reset
  • The average score is 9 of 17
Answer Stats
Hint Answer % Correct
System of government where all the resources are seized by the workers in a "proletariat revolution" Communism
96%
Ideology where there is no state Anarchism
89%
System of government where the supreme power is vested in the people Democracy
86%
System of government where the autocratic ruler is determined through hereditary succession Monarchism
84%
Economic system where the market dictates the value of goods and services Capitalism
79%
System of government where the laws of a religious body serve as the law of the land Theocracy
65%
Set of beliefs that advocates for the preservation of cultural practices Conservatism
63%
Ideology that dictates veneration of the state Fascism
53%
Belief that advocates for limited government and protections for personal freedoms Libertarianism
51%
System of government where kings have nobles that swear fealty to them and those nobles have less powerful nobles who serve them and so on Feudalism
45%
Set of beliefs that believes in the changing of cultural practices Progressivism
40%
Left wing ideology that advocates for limited government and redistributionist welfare programs Social Democracy
32%
Ideology where the market completely takes over for government and guides the world Anarcho-Capitalism
31%
Ideology that advocates for the formation of redistributionist communes with no over-arching state Anarcho-Communism
29%
Philosophical movement that advocates for the advancement of humanity beyond its current biological state Transhumanism
29%
Ideology that advocates for the destruction of all technology and a complete lack of government Anarcho-Primitivism
22%
Ideology that advocates for the "proletariat revolution" through a preemptive nuclear strike Posadism
17%
No matching quizzes found
Score Distribution
Percent of People with Each Score
Percentile by Number Answered
Your Score History
You have not taken this quiz since the last reset